Muž, který zemřel dvakrát /

Hlavní autor: Osman, Richard, 1970-
Další autoři: Brožová, Eva, Jahodová, Markéta, 1951-, Švormová, Libuše, 1935-, Vlasák, Jan, 1943-
Jazyk: Čeština
Vydáno: [Praha] : OneHotBook ;Jota, 2023
Témata:
Fyzický popis: 1 audiodisk (12 hod., 14 min.) ; 12 cm
Zvukové nahrávky
Uloženo v:
LEADER 02176nim a2200613 i 4500
001 001862444
003 CZ BrMZK
005 20230626092735.0
007 sd fungnnmmned
008 230619t20232023xr nnnng f n cze
015 |a cnb003523441 
024 3 |a 8594169485379 
028 0 1 |a AK537  |b OneHotBook 
040 |a BOA001  |b cze  |e rda 
041 1 |d cze  |h eng 
072 7 |a 821.111-3  |x Anglická próza, anglicky psaná  |2 Konspekt  |9 25 
080 |a 821.111-31  |2 MRF 
080 |a (0:82-312.4)  |2 MRF 
080 |a (086.7)08  |2 MRF 
080 |a (086.76)  |2 MRF 
100 1 |a Osman, Richard,  |d 1970-  |7 xx0232282  |4 aut 
245 1 0 |a Muž, který zemřel dvakrát /  |c Richard Osman 
264 1 |a [Praha] :  |b OneHotBook ;  |a [Brno] :  |b Jota,  |c 2023 
264 4 |c ℗2023 
300 |a 1 audiodisk (12 hod., 14 min.) ;  |c 12 cm 
306 |a 121400 
336 |a mluvené slovo  |b spw  |2 rdacontent 
337 |a audio  |b s  |2 rdamedia 
338 |a audiodisk  |b sd  |2 rdacarrier 
344 |a digital  |b optical  |2 rda 
347 |a audio soubor  |b MP3  |2 rda 
500 |a Název z disku 
500 |a Z angličtiny přeložila Eva Brožová 
500 |a Na pouzdře: 2. 
500 |a Podle stejnojmenné knihy vydané nakladatelstvím Jota (2022) 
508 |a Režie Markéta Jahodová 
511 0 |a Čtou Libuše Švormová a Jan Vlasák 
655 7 |a anglické romány  |7 fd131814  |2 czenas 
655 7 |a detektivní romány  |7 fd132010  |2 czenas 
655 7 |a audioknihy  |7 fd119452  |2 czenas 
655 7 |a kompaktní disky  |7 fd201991  |2 czenas 
655 9 |a English fiction  |2 eczenas 
655 9 |a detective novels  |2 eczenas 
655 9 |a audiobooks  |2 eczenas 
655 9 |a compact discs  |2 eczenas 
700 1 |a Brožová, Eva  |7 jn20010309864  |4 trl 
700 1 |a Jahodová, Markéta,  |d 1951-  |7 xx0056920  |4 drt 
700 1 |a Švormová, Libuše,  |d 1935-  |7 jn20000402938  |4 nrt 
700 1 |a Vlasák, Jan,  |d 1943-  |7 jn20000402553  |4 nrt 
787 0 8 |i Z cyklu:  |t Čtvrteční klub amatérských detektivů  |g 2 
910 |a BOA001  |b CDR-1510.097 
990 |a AV 
991 |b 202306  |c NOV 
996 6 |b 2610941915  |c CDR-1510.097  |l MZK  |r Sklad / do 24 hodin  |n 1  |p p.v.  |w 001929674  |u 000010  |a 1  |e BOA001  |j MZK50  |s P